00509nam a22001577a 450000500170000001000150001702000110003203500130004303700130005608200110006910000190008024500870009926000480018627000970023430000200033120100821112026.0 aENG-101147 c165.00 aEN-84680 bDBAD/PUB a336.54 aVipan B. Kumar aHuman rights Indian Financial system and communication skills /cby Vipan B Kumar  aNew DelhibHimalaya Publishing House c2009 aPooja Apartments 4-B Murari Lal Street Sansari Road Darya Ganj New Delhi bNew Delhie110002 a266pc25cm(pbk)